Alcaldes.eu 2023 : entrevistes i perfils entorn de la gestió municipal / entrevistes i perfils entorn de la gestió municipal /
ISBN:
9788409657803
Descripción Física:
203 pàgines : il·lustracions en color ; 22 x 25 cm
Materias:
Alcaldes -- Catalunya -- Intervius
; Administració local -- Catalunya
; Municipis -- Govern i administració -- Catalunya
Idioma:
Catalán
MARC
| LEADER | 00000nam a2200000 i 4500 | ||
|---|---|---|---|
| 001 | 28895 | ||
| 003 | AGDB | ||
| 005 | 20260324181532.0 | ||
| 008 | 241104s2023 spca||| |||| 0|0 0 cat| | ||
| 017 | |a B 18936-2024 | ||
| 020 | |a 9788409657803 | ||
| 040 | |a agdb |b cat | ||
| 245 | 0 | 0 | |a Alcaldes.eu 2023 : |b entrevistes i perfils entorn de la gestió municipal / |c direcció editorial i coordinació: Sílvia Sánchez ; col·laboradors: Eduard Berraondo [et al] |
| 246 | 3 | 0 | |a Entrevistes i perfils entorn de la gestió municipal |
| 246 | 1 | 4 | |a Alcaldes |
| 264 | |a Barcelona : |b Presston Comunicació Internacional ; |c 2023 | ||
| 300 | |a 203 pàgines : |b il·lustracions en color ; |c 22 x 25 cm | ||
| 500 | |a A la portada: alcaldes. | ||
| 650 | 7 | |a Alcaldes |z Catalunya |v Intervius |2 lemac |9 49349 | |
| 650 | 7 | |a Administració local |z Catalunya |2 lemac |9 10655 | |
| 650 | 0 | |a Municipis |x Govern i administració |z Catalunya |2 lemac |9 40824 | |
| 942 | |c ARXIU |n 1 | ||
| 952 | |0 0 |1 0 |4 0 |6 BIB1293 |7 1 |9 98152 |a Arxiu |b Arxiu |d 2025-06-04 |l 0 |o Bib-1293 |p 28895 |r 2025-06-04 00:00:00 |w 2025-06-04 |y ARXIU | ||
| 999 | |c 129930 |d 129930 | ||